Rasgos invariantes de los programas de doctorado de calidad /

Según este estudio, los programas de maestría y doctorado de calidad en México poseen características que pueden considerarse homogéneas e invariantes que les permiten ser parte del Padrón de Programas de Posgrado de Excelencia que estableció en 1991 el Consejo Nacional de Ciencia y Tecnología (CONA...

Täydet tiedot

Tallennettuna:
Bibliografiset tiedot
Muut tekijät: Fresán, Magdalena (autor) (autor)
Aineistotyyppi: Kirja
Kieli:espanja
Julkaistu: México : ANUIES, 2002, c2002
Sarja:(Biblioteca de la Educación Superior. Investigaciones)
Aiheet:
Tagit: Lisää tagi
Ei tageja, Lisää ensimmäinen tagi!

MARC

LEADER 00000nam^a2200000^a^4500
001 000147547
005 20250521000000.0
009 20260310095951.465
020 |a 970-704-039-4 
037 |a Acervo ITESO - Biblioteca 
041 |a ESP 
082 |a 378. 72  |b RAS 
245 0 0 |a Rasgos invariantes de los programas de doctorado de calidad /  |c Magdalena Fresán... [et al.]. 
264 4 |a México :  |b ANUIES,  |c 2002, c2002 
300 |a 128 p. 
336 |a texto  |b txt  |2 rdacontenido 
337 |a sin mediación  |b n  |2 rdamedio 
338 |a volumen  |b nc  |2 rdasoporte 
440 1 |a (Biblioteca de la Educación Superior.  |p Investigaciones) 
520 |a Según este estudio, los programas de maestría y doctorado de calidad en México poseen características que pueden considerarse homogéneas e invariantes que les permiten ser parte del Padrón de Programas de Posgrado de Excelencia que estableció en 1991 el Consejo Nacional de Ciencia y Tecnología (CONACYT). Entre los rasgos más importantes se encuentran: la presencia de cuerpos académicos consolidados que soportan la operación de dichos programas y que implican la existencia de uno o varios núcleos de investigadores que pertenecen a un campo científico o humanístico, gran coherencia entre justificación, objetivos y metas, pertinencia social y científica, congruencia (identificación de objetivos con las líneas de investigación en las que se sustentan los conocimientos que se abordan en los programas ofrecidos). Los cuerpos académicos respaldan el proceso formativo de los estudiantes, así como el ambiente y organización académicas. A su vez, los núcleos de investigadores que se encuentran al interior de los mismos comparten una cultura disciplinaria en la cual prevalecen principios, valores, tradiciones y formas particulares de abordar la producción del saber que determinan el éxito del programa. 
649 |a XX 
650 |a Estudios de Posgrado -  |z México -  |x Historia 
650 |a Estudios de Posgrado -  |z México -  |x Historia 
650 |a Currículo 
650 |a Calidad de la Educación -  |z México 
650 |a Evaluación del Programa 
650 |a Evaluación Educativa 
650 |a Formación y Capacitación de Investigadores -  |z México 
650 |a Organismos Nacionales de Ciencia y Tecnología -  |z México 
650 |a Universidades -  |z México -  |x Evaluación 
650 |a Educación Superior -  |z México -  |x Evaluación 
700 |a Fresán, Magdalena  |e (autor) 
910 |a Fondo General 
920 |a Impresos - Libros 
930 |a Colección General 
905 |a 101 
901 |a 0500077161  |b IT1  |c ACC  |u 20250521 
902 |a https://opac.biblio.iteso.mx/vufind/Record/000147547